| 000 | 00361cam a2200145ua 4500 | ||
|---|---|---|---|
| 041 |
_amal _h |
||
| 082 |
_a894.812301 _bPAR.OI |
||
| 100 | _aParappurath, . | ||
| 245 |
_aDinathya kathakal / _cParappurath. _hTextual Documents |
||
| 260 |
_aKonni : _bVenus Press & Book Depot, , _c1970. |
||
| 300 | _a ; . | ||
| 504 | _a | ||
| 942 | _cBK | ||
| 999 |
_c12342 _d12342 |
||